000 00559nam a2200205Ia 4500
005 20250923145453.0
008 008 250917s9999 xx 000 0 eng d
037 _aTextual
040 _aDSWL
_beng
_cDSWL
041 _aeng
_2eng
084 _aS8, N78
_qDSWL
100 _aSchellenberg, J.A.
_9835656
245 0 _aMasters of Social Psychology
_c by J.A.Schellenberg
260 _aNew York
_b Oxford
_c1978
300 _ax,141 p.
365 _aINR
_b77.91
925 _g77.91
942 _cTEXL
_hS8, N78
999 _c1451746
_d1451746